Logo CIB grande

ENSAYOS SOBRE LA EDUCACIÓN EN ADMINISTRACIÓN EN COLOMBIA (Registro nro. 227232)

Detalles MARC
000 -LEADER
campo de control de longitud fija 00717nam a2200253Ia 4500
005 - FECHA Y HORA DE LA ÚLTIMA TRANSACCIÓN
campo de control 20250425162335.0
008 - DATOS DE LONGITUD FIJA--INFORMACIÓN GENERAL
campo de control de longitud fija 250425s9999 xx 000 0 und d
041 ## - CÓDIGO DE IDIOMA
Código de lengua del texto/banda sonora o título independiente spa
043 ## - CÓDIGO DE ÁREA GEOGRÁFICA
Código de área geográfica ck
082 ## - NÚMERO DE LA CLASIFICACIÓN DECIMAL DEWEY
Número de clasificación 378.107
010 ## - NÚMERO DE CONTROL DE LA BIBLIOTECA DEL CONGRESO
Número de control de LC 63896
100 ## - ENTRADA PRINCIPAL--NOMBRE DE PERSONA
Nombre de persona DAVILA L, CARLOS DE GUEVARA
245 #0 - MENCIÓN DEL TÍTULO
Título ENSAYOS SOBRE LA EDUCACIÓN EN ADMINISTRACIÓN EN COLOMBIA
250 ## - MENCION DE EDICION
Mención de edición 1A ED.
260 ## - PUBLICACIÓN, DISTRIBUCIÓN, ETC.
Lugar de publicación, distribución, etc. Colombia
Nombre del editor, distribuidor, etc. UNIVERSIDAD DE LOS ANDES
Fecha de publicación, distribución, etc. 1991
260 ## - PUBLICACIÓN, DISTRIBUCIÓN, ETC.
Lugar de publicación, distribución, etc. S.L.
Nombre del editor, distribuidor, etc. UNIVERSIDAD DE LOS ANDES
300 ## - DESCRIPCIÓN FÍSICA
Extensión 110
500 ## - NOTA GENERAL
Nota general SERIE EDUCACION Y ADMINISTRACION
650 ## - PUNTO DE ACCESO ADICIONAL DE MATERIA--TÉRMINO DE MATERIA
Término de materia o nombre geográfico como elemento de entrada ESTUDIOS SUPERIORES
650 ## - PUNTO DE ACCESO ADICIONAL DE MATERIA--TÉRMINO DE MATERIA
Término de materia o nombre geográfico como elemento de entrada TECNICAS DE INVESTIGACION
650 ## - PUNTO DE ACCESO ADICIONAL DE MATERIA--TÉRMINO DE MATERIA
Término de materia o nombre geográfico como elemento de entrada UNIVERSIDAD-COLOMBIA
710 ## - ENTRADA AGREGADA--NOMBRE DE ENTIDAD CORPORATIVA
Nombre de entidad corporativa o nombre de jurisdicción como elemento de entrada UNIVERSIDAD DE LOS ANGELES
942 ## - ELEMENTOS DE ENTRADA SECUNDARIOS (KOHA)
Tipo de ítem Koha Libros
Existencias
Estatus retirado Estado de pérdida Estado de daño No para préstamo Biblioteca de origen Biblioteca actual Ubicación en estantería Fecha de adquisición Coste, precio normal de compra Total de préstamos Código de barras Copia número Nota pública
        ESCUELA DE NEGOCIOS ESCUELA DE NEGOCIOS   04/04/2008 10.00   D-P 09716 1 DONADO

Copyright 2025 ESPOL. Todos los derechos reservados.